| 000 | 00582cam a22001815a 4500 | ||
|---|---|---|---|
| 001 | L156610 | ||
| 008 | 120612n xxk f 000 0 eng d | ||
| 035 | _a(Sirsi) u156610 | ||
| 041 | 0 | _aeng | |
| 110 | 2 |
_aRoyal Institution of Chartered Surveyors _bIrish Branch _92370 |
|
| 245 | 0 | 0 | _aIf you need to build, you need a chartered quantity surveyor |
| 260 |
_aDublin _bRICS _c[199?] |
||
| 300 |
_a7 p. _bcol. ill. _c30 cm. |
||
| 520 | _aSets out the benefits of using a chartered quantity surveyor. | ||
| 651 | 4 | _aIreland (Island of) | |
| 690 |
_aQuantity surveying _96263 |
||
| 942 | _n0 | ||
| 999 |
_c114319 _d114319 |
||